| 000 | 00528cam a2200145 4500500 | ||
|---|---|---|---|
| 005 | 20251228093425.0 | ||
| 041 | _afre | ||
| 042 | _adc | ||
| 100 | 1 | 0 |
_aGousseff, Catherine _eauthor |
| 245 | 0 | 0 | _aGeoffrey SWAIN Between Stalin and Hitler Class War and Race War on the Dvina, 1940-46 |
| 260 | _c2005. | ||
| 500 | _a34 | ||
| 786 | 0 | _nCahiers du monde russe | Vol 46 | 4 | 2005-11-01 | p. 859w-990w | 1252-6576 | |
| 856 | 4 | 1 | _uhttps://shs.cairn.info/revue-cahiers-du-monde-russe-2005-4-page-859w?lang=fr&redirect-ssocas=7080 |
| 999 |
_c1604349 _d1604349 |
||